| 000 | 00492nam a2200193Ia 4500 | ||
|---|---|---|---|
| 999 |
_c6173 _d6173 |
||
| 020 | _a9871412912907 | ||
| 082 | _a364 AAS-G | ||
| 100 | _aAas, Katja Franko | ||
| 245 | 0 | _aGlobalization and crime | |
| 260 |
_aLos Angeles _bSage Publications _c2007 |
||
| 300 | _aix, 220 | ||
| 440 | _aKey approaches to criminology | ||
| 504 | _aincludes index | ||
| 650 | _aCriminology | ||
| 650 | _aGlobalisation | ||
| 650 |
_aCrime _vCross-cultural studies |
||
| 700 | _aJewkes, Yvonne | ||
| 942 | _cBK | ||